[Event "EU-chT (Men) 21st"]
[Site "Heraklion"]
[Date "2017.11.03"]
[Round "6.1"]
[White "Wojtaszek, Radoslaw"]
[Black "Grischuk, Alexander"]
[Result "1/2-1/2"]
[WhiteElo "2737"]
[BlackElo "2785"]
[PlyCount "83"]
[EventDate "2017.10.28"]
[EventType "team-swiss"]
[EventRounds "9"]
[EventCountry "GRE"]
[SourceTitle "CBM 182"]
[Source "ChessBase"]
[SourceDate "2018.01.17"]
[SourceVersion "1"]
[SourceVersionDate "2018.01.17"]
[SourceQuality "1"]
[WhiteTeam "Poland"]
[BlackTeam "Russia"]
[WhiteTeamCountry "POL"]
[BlackTeamCountry "RUS"]

1. d4 Nf6 2. c4 g6 3. Nf3 Bg7 4. g3 c6 5. Bg2 d5 6. O-O O-O 7. b3 Bf5 8. Bb2
Nbd7 9. cxd5 cxd5 10. Nc3 Qb6 11. Rc1 Rfc8 12. e3 Be4 13. Qe2 e6 14. Rfd1 a6
15. Bf1 Bxf3 16. Qxf3 Qd8 17. Rd2 Rc6 18. Rdc2 Rac8 19. Qd1 Ne8 20. Bd3 Nd6 21.
Na4 Rxc2 22. Rxc2 Rxc2 23. Qxc2 Qc8 24. Qxc8+ Nxc8 25. g4 f5 26. h3 Kf7 27. Bc3
Ne7 28. b4 fxg4 29. hxg4 e5 30. dxe5 Bxe5 31. f4 Bd6 32. b5 axb5 33. Bxb5 Nf6
34. Bxf6 Kxf6 35. Kf2 d4 36. exd4 Bxf4 37. Nc5 h5 38. gxh5 gxh5 39. Nxb7 Nf5
40. d5 Ke5 41. d6 Nxd6 42. Nxd6 1/2-1/2

[Event "EU-chT (Men) 21st"]
[Site "Heraklion"]
[Date "2017.11.05"]
[Round "8.1"]
[White "Grischuk, Alexander"]
[Black "Mamedyarov, Shakhriyar"]
[Result "0-1"]
[WhiteElo "2785"]
[BlackElo "2791"]
[Annotator "Marin,M"]
[PlyCount "72"]
[EventDate "2017.10.28"]
[EventType "team-swiss"]
[EventRounds "9"]
[EventCountry "GRE"]
[SourceTitle "CBM 182"]
[Source "ChessBase"]
[SourceDate "2018.01.17"]
[SourceVersion "1"]
[SourceVersionDate "2018.01.17"]
[SourceQuality "1"]
[WhiteTeam "Russia"]
[BlackTeam "Azerbaijan"]
[WhiteTeamCountry "RUS"]
[BlackTeamCountry "AZE"]

1. e4 e5 2. Nf3 Nc6 3. Bb5 a6 4. Ba4 d6 {The (maybe not anymore) old-fashioned
Steinitz Defence Deferred.} 5. O-O {Not revealing White's intentions yet.} ({
The traditional main line is} 5. c3 Bd7 6. d4 {In a couple of recent games
Mamedyarov opted for} g6 7. O-O Bg7) 5... Bd7 $5 ({The sharp} 5... Bg4 6. h3 h5
{may not be entirely viable, see for instance the last annotated game Gashimov,
V (2679)-Grischuk,A (2716) Baku 2008 (1-0, 33) CBM 124 [Gashimov,V]}) ({
Portisch' favourite system used to be} 5... Be7 6. c3 (6. Re1 Nf6) 6... Bg4 7.
h3 Bh5 8. d3 Nf6 {transposing to the line examined in my article published on
this same DVD.} 9. Nbd2 Nd7 10. Re1 O-O 11. Nf1 Nc5 12. Bc2 Ne6 13. Ng3 Bxf3
14. Qxf3 Bg5 {Bartel,M (2237)-Portisch,L (2513) Warsaw 2008 (0-1, 37) CBM 127
Extra}) 6. Re1 g5 $5 {An extravagant move, but quite a viable one. And 
(probably not only) by coincidence it was Portisch who had introduced it long
time ago. Its idea is undermining White's control over d4. The idea is known
from the 3.Bb5+ Scilian.} ({Black's most popular choices are} 6... g6 7. d4 Bg7
) (6... Nf6) ({and} 6... Nge7) 7. Bxc6 (7. d4 {may have some independent value,
but most likely it would transpose to the game.} g4 8. Bxc6 (8. d5 Nce7 9.
Bxd7+ Qxd7 10. Nfd2 {Sprenger,J (2525)-Luther,T (2594) Austria 2006 (1/2-1/2,
34)} f5 $5 11. exf5 Nxd5 12. Qxg4 O-O-O $44 {Black is better developed and he
has a strong centre. Besides, keeping the extra pawn seems hard for White.})
8... Bxc6 (8... bxc6 {transposes to the game}) 9. Nfd2 Qh4 $6 {It is not clear
what the queen is doing here.} (9... h5 10. Nc3 Bg7 $13 {looks more to the
point.}) ({But} 9... exd4 $6 {is risky.} 10. Nc4 Bg7 11. Qxg4 $36) 10. Nc4 Bg7
11. dxe5 dxe5 12. Nc3 Rd8 13. Nd5 $4 (13. Qe2 Ne7 14. Na5 $14) 13... Bxd5 14.
exd5 g3 $19 {[%csl Gc4] Kortschnoj,V-Portisch,L Wijk aan Zee 1968 (0-1, 32)})
7... bxc6 ({Strategically more ambitious than} 7... Bxc6 {transposing above,
as Black gets better control in the centre.}) 8. d4 ({The most principled move,
as otherwise White will find it harder to generate an active plan in the
centre. For instance:} 8. d3 g4 9. Nfd2 Ne7 10. Nc4 (10. f3 h5 {rather plays
into Black's hands, as it weakens the kingside.}) 10... Ng6 11. Ne3 h5 12. c3
Qf6 $11 13. d4 Bg7 $15) 8... g4 9. Nfd2 exd4 10. Nb3 ({If} 10. Nc4 {Black can
already defend the pawn with} c5 11. c3 Be6 $1 12. Na5 d3 13. Qxd3 Bg7 14. e5 {
Otherwise Black is doing just fine.} dxe5 15. Qxd8+ Rxd8 16. Nb7 Rb8 17. Nxc5
Bc8 $13 {White has not enough development to take advantage of Black's
weaknesses. At the same time, the kingside majority is likely to become
threatening.}) 10... Ne7 ({But now} 10... c5 $6 {is dubious:} 11. c3 dxc3 $6 ({
A better try is} 11... d3 12. Qxd3 $14) 12. Nxc3 f6 {A desperate and
unsuccessful attempt at preventing e4-e5.} (12... Bg7 13. e5 Bxe5 14. Nxc5 $16)
13. e5 fxe5 14. f4 gxf3 15. Qxf3 Nf6 16. Nxc5 $5 $16 {Weakening Black's
central pawn chain.} dxc5 $6 17. Ne4 Bg7 (17... Nxe4 18. Qh5+ Ke7 19. Rxe4 $18)
18. Nxf6+ Bxf6 19. Qh5+ Ke7 20. Bg5 Ke6 21. Qh6 {[%cal Ge1e5]} Qf8 22. Qh3+ Ke7
23. Rxe5+ {with a decisive attack.}) 11. Nxd4 (11. Qxd4 {fails to spoil
Black's development:} Ng6 12. Nc3 Ne5 13. Bf4 Bg7 $132) 11... Bg7 12. Nc3 $146
({Black refrains from} 12. Nf5 Nxf5 13. exf5+ {depriving Black of the right to
castle but offering him excellent play for his bishops.} Kf8 14. Qxg4 h5 15.
Qf3 Qf6 16. c3 Qxf5 17. Qxf5 Bxf5 18. Na3 Rb8 $15 {Chen,Q (2328)-Dai,C (2438)
Shanghai 2017 (1/2-1/2, 63)}) 12... O-O {Black has got a fantastic position
out of the opening. He has the bishop pair and blocking ideas on the dark
squares. In the long run the h-pawn may cause White's king some panic. What is
worse, White does not seem to have an active plan.} 13. Bg5 $6 {Paradoxically
this move helps Black.} ({A safer move was} 13. Be3 {preparing to exchange the
bishops and keep approximate equality.} Qe8 14. Qd2 f5 15. exf5 (15. Bh6 $11)
15... Nxf5 16. Nxf5 Bxf5 17. Bd4 $11) 13... f6 $1 {Clearing the h5-e8 diagonal
with gain of time.} 14. Be3 Qe8 15. Qd3 (15. Qd2 Qg6 {transposes to the game.})
15... Qf7 $1 {Preparing to play ...f5 with a comfortable game.} (15... f5 {
is premature as it allows White to exchange the bishops:} 16. exf5 Nxf5 17.
Nxf5 Bxf5 18. Qd2 Qg6 (18... Qf7 19. Bd4 Bxd4 20. Qxd4 h5 21. Re2 $11) 19. Bd4
Bxd4 20. Qxd4 {[%cal Ge1e7]} Rae8 21. Ne2 {and White should be fine, for
instance} Bxc2 22. Nf4 Qf7 23. g3 $44 {[%csl Ga6,Gg8]}) 16. Qd2 {It becomes
obvious that at this pint in the game Grischuk did not find anything better
than trying to hold the position.} (16. Rad1 f5 $15 17. exf5 Nxf5 18. Nxf5 Bxf5
19. Qd2 h5 20. Bd4 Bxd4 21. Qxd4 Bxc2 22. Rd2 Rae8 $17) 16... Qg6 (16... f5 $6
17. exf5 Nxf5 (17... Bxf5 18. Bh6 $11) 18. Nxf5 Bxf5 19. Bd4 $11) 17. Bf4 {
Once again directed against ...f5} h5 $1 $15 {But Black is flexible enough to
combine the active plans.} (17... f5 18. e5 $14) 18. b4 $5 {Strategically, the
idea to carry out b4-b5 is correct, but Wite will not get that far in the game.
On the other hand, it is hard to suggest anything coherent.} h4 19. a4 Qh5 {
[%cal Ge7g6,Gg6e5,Gh4h3]} 20. Be3 {Anticipating ...Ng6.} h3 ({With the
h6-suare defended, Black could already think of} 20... f5 21. exf5 Bxf5 $1 {
[%cal Gf5d7]} 22. b5 (22. Nxc6 Nxc6 23. Qd5+ Qf7 24. Qxc6 Bd7 25. Qxc7 Rac8 $19
) 22... c5 23. Nxf5 Nxf5 24. Rad1 $15) 21. Nce2 (21. g3 $6 {is likely to lead
to trouble due to the weakness of the g2-square and the back rank.} f5 22. exf5
Nxf5 23. Nxf5 Qxf5 24. Bf4 Rae8 25. Rad1 d5 $19 {[%cal Gd5d4]}) 21... hxg2 22.
Nf4 Qh7 $6 {Mamedyarov is seduced by an attacking idea involving an exchange
sacrifice.} ({But} 22... Qf7 $17 {defends e6 and keeps all Black's trumps.})
23. Nfe6 Bxe6 ({Again, avoiding the sacrifice comes into consideration:} 23...
Rf7 {for instance} 24. Nxc7 Rc8 25. Nxa6 Ng6 $15) 24. Nxe6 Ng6 25. Nxf8 Rxf8 {
Black's idea is clear. His knight is ready to support the queen against the
weakened white kingside.} 26. Bf4 $6 {This bishop has moved a lot on this game
and now finally commits what looks almost the decisive mistake.} ({True} 26.
Kxg2 $2 {loses quickly:} Qh3+ 27. Kh1 (27. Kg1 Nh4 $19) 27... Qf3+ 28. Kg1 Nh4
$19) ({But it would have made sense to create some sort of coordination with} 
26. Ra3 $5 {for instance} f5 27. Bd4 {Of course. The bishop has been hoping
all game for this exchange.} f4 (27... Bh6 $2 28. Qd1 $1 {[%csl Gg4]} Bf4 29.
h3 gxh3 30. Qd3 $16) 28. Bxg7 Qxg7 29. f3 (29. Kxg2 Ne5 30. Kh1 Qh6 {looks
dangerous.}) 29... Rf7 $5 (29... Ne5 30. Qxg2 Nxf3+ 31. Rxf3 gxf3 32. Qxg7+
Kxg7 33. Kf2 $11) 30. Qxg2 (30. Qf2 Ne5 31. Qxg2 Qh6 $40 {[%cal Gf7g7]}) 30...
Nh4 31. Qf2 Nxf3+ 32. Rxf3 gxf3+ 33. Kh1 $15 {and things are not that bad for
White.}) 26... f5 $1 27. exf5 (27. Ra3 fxe4 28. Bg3 Ne5 $19) 27... Nh4 28. Ra3
Qxf5 29. Bg5 Nf3+ 30. Rxf3 gxf3 {Things are clear now. Endings are lost and
the middlegame is awful.} 31. Bh6 Qd5 32. Qc1 Bc3 33. Re3 (33. Rd1 Qh5 {
[%cal Gc3e5] The threat ...Be5 will soon force Qg5+ with a hopeless ending for
White.}) 33... Bd4 34. Rd3 Re8 35. c3 (35. Be3 Bxe3 $19) 35... Bxf2+ $1 36.
Kxf2 Re2+ (36... Re2+ 37. Kg3 (37. Kg1 f2#) 37... f2 $1 $19) 0-1

[Event "EU-chT (Men) 21st"]
[Site "Heraklion"]
[Date "2017.11.06"]
[Round "9.1"]
[White "Nisipeanu, Liviu Dieter"]
[Black "Grischuk, Alexander"]
[Result "1/2-1/2"]
[WhiteElo "2672"]
[BlackElo "2785"]
[PlyCount "63"]
[EventDate "2017.10.28"]
[EventType "team-swiss"]
[EventRounds "9"]
[EventCountry "GRE"]
[SourceTitle "CBM 182"]
[Source "ChessBase"]
[SourceDate "2018.01.17"]
[SourceVersion "1"]
[SourceVersionDate "2018.01.17"]
[SourceQuality "1"]
[WhiteTeam "Germany"]
[BlackTeam "Russia"]
[WhiteTeamCountry "GER"]
[BlackTeamCountry "RUS"]

1. e4 c5 2. c3 Nf6 3. e5 Nd5 4. Nf3 e6 5. d4 cxd4 6. cxd4 d6 7. Bc4 Be7 8. O-O
O-O 9. Qe2 Nc6 10. Rd1 Na5 11. Bxd5 exd5 12. Nc3 Be6 13. Bf4 a6 14. h3 Re8 15.
exd6 Bxd6 16. Bxd6 Qxd6 17. Qe5 Nc4 18. Qxd6 Nxd6 19. Ne5 f6 20. Nd3 Kf7 21.
Nf4 Rad8 22. Rac1 Nf5 23. Na4 Bd7 24. Rc7 Re7 25. Nc3 Bc6 26. Rxe7+ Kxe7 27. f3
g5 28. Re1+ Kf7 29. Nfe2 h5 30. g4 hxg4 31. hxg4 Nh4 32. Kf2 1/2-1/2

[Event "Saint Louis Champions Showdown G20"]
[Site "Saint Louis"]
[Date "2017.11.10"]
[Round "1.2"]
[White "Caruana, Fabiano"]
[Black "Grischuk, Alexander"]
[Result "1/2-1/2"]
[WhiteElo "2799"]
[BlackElo "2782"]
[PlyCount "83"]
[EventDate "2017.11.10"]
[EventType "match (rapid)"]
[EventRounds "6"]
[EventCountry "USA"]
[SourceTitle "CBM 182"]
[Source "ChessBase"]
[SourceDate "2018.01.17"]
[SourceVersion "1"]
[SourceVersionDate "2018.01.17"]
[SourceQuality "1"]

1. e4 e5 2. Nf3 Nc6 3. Bb5 Nf6 4. d3 Bc5 5. c3 d5 6. exd5 Qxd5 7. Bc4 Qd6 8.
Nbd2 O-O 9. b4 Bb6 10. O-O Bf5 11. Qc2 Rad8 12. a4 a5 13. b5 Nb8 14. Ba3 Bc5
15. Bxc5 Qxc5 16. Rfe1 Nbd7 17. Nh4 Bg4 18. h3 Bh5 19. Nb3 Qb6 20. Re3 Ne8 21.
d4 exd4 22. cxd4 Nd6 23. Bd3 Nf6 24. Rc1 Bg6 25. Nxg6 hxg6 26. Re5 Nd7 27. Re7
Rfe8 28. Rxe8+ Nxe8 29. Be4 Nf8 30. Qd2 c6 31. bxc6 Qxb3 32. cxb7 Nd6 33. Qxa5
Nxb7 34. Bxb7 Rxd4 35. Rc7 Qxa4 36. Qxa4 Rxa4 37. Rc8 g5 38. Bd5 Rd4 39. Bc4 g6
40. g3 Kg7 41. Rc7 Rd7 42. Rxd7 1/2-1/2

[Event "Saint Louis Champions Showdown G20"]
[Site "Saint Louis"]
[Date "2017.11.10"]
[Round "3.2"]
[White "Caruana, Fabiano"]
[Black "Grischuk, Alexander"]
[Result "1-0"]
[WhiteElo "2799"]
[BlackElo "2782"]
[PlyCount "87"]
[EventDate "2017.11.10"]
[EventType "match (rapid)"]
[EventRounds "6"]
[EventCountry "USA"]
[SourceTitle "CBM 182"]
[Source "ChessBase"]
[SourceDate "2018.01.17"]
[SourceVersion "1"]
[SourceVersionDate "2018.01.17"]
[SourceQuality "1"]

1. e4 e5 2. Nf3 Nc6 3. Bb5 Nf6 4. d3 Bc5 5. c3 d5 6. exd5 Qxd5 7. Bc4 Qd6 8.
Nbd2 O-O 9. b4 Bb6 10. O-O Bf5 11. Qc2 Rad8 12. a4 a5 13. b5 Ne7 14. Qb3 Ng6
15. Ba3 Bc5 16. Bxc5 Qxc5 17. d4 Qd6 18. Rfe1 Rde8 19. Bf1 e4 20. Nc4 Qf4 21.
g3 Qh6 22. Nfe5 Bh3 23. Be2 e3 24. f3 Nh5 25. Qc2 Qg5 26. Bf1 Bxf1 27. Kxf1 f6
28. Nxg6 hxg6 29. Qg2 f5 30. f4 Nxf4 31. gxf4 Qxf4+ 32. Kg1 Re4 33. Ne5 Rf6 34.
Rf1 Qh6 35. Rf3 e2 36. Re1 Qd2 37. Qf2 Re6 38. Rd3 Qg5+ 39. Qg2 Qh5 40. Rh3 Rh4
41. Rxh4 Qxh4 42. Rxe2 Qf4 43. Qd5 Qc1+ 44. Kf2 1-0

[Event "Saint Louis Champions Showdown G20"]
[Site "Saint Louis"]
[Date "2017.11.10"]
[Round "5.2"]
[White "Caruana, Fabiano"]
[Black "Grischuk, Alexander"]
[Result "0-1"]
[WhiteElo "2799"]
[BlackElo "2782"]
[PlyCount "92"]
[EventDate "2017.11.10"]
[EventType "match (rapid)"]
[EventRounds "6"]
[EventCountry "USA"]
[SourceTitle "CBM 182"]
[Source "ChessBase"]
[SourceDate "2018.01.17"]
[SourceVersion "1"]
[SourceVersionDate "2018.01.17"]
[SourceQuality "1"]

1. e4 e5 2. Nf3 Nc6 3. Bb5 Nf6 4. d3 Bc5 5. Nc3 O-O 6. Bxc6 dxc6 7. h3 Re8 8.
Ne2 Nd7 9. Be3 Bb4+ 10. c3 Bf8 11. Qc2 c5 12. O-O-O Nb8 13. Ng3 Nc6 14. Kb1 f6
15. Nf5 Qd7 16. g4 Qf7 17. Rhg1 Be6 18. b3 Kh8 19. d4 exd4 20. cxd4 Nb4 21. Qc3
Bxf5 22. exf5 Nd5 23. Qd3 Rad8 24. Rge1 cxd4 25. Bxd4 Rxe1 26. Rxe1 Bb4 27. Rc1
c5 28. Be3 Nc3+ 29. Rxc3 Rxd3 30. Rxd3 Qe7 31. Kc2 Kg8 32. Nd2 Bxd2 33. Kxd2 h6
34. Bf4 Qe4 35. Bb8 a5 36. Bd6 b6 37. a3 h5 38. Bc7 Qc6 39. Bd8 a4 40. bxa4 c4
41. Rd4 Qxa4 42. Bxb6 Qb3 43. Rd8+ Kh7 44. Be3 c3+ 45. Ke1 c2 46. Rc8 Qb1+ 0-1

[Event "Huaian IMSA rapid 2nd"]
[Site "Huaian"]
[Date "2017.12.10"]
[Round "1"]
[White "Artemiev, Vladislav"]
[Black "Grischuk, Alexander"]
[Result "1/2-1/2"]
[WhiteElo "2691"]
[BlackElo "2772"]
[PlyCount "59"]
[EventDate "2017.12.10"]
[EventType "swiss (rapid)"]
[EventRounds "7"]
[EventCountry "CHN"]
[SourceTitle "CBM 182"]
[Source "ChessBase"]
[SourceDate "2018.01.17"]
[SourceVersion "1"]
[SourceVersionDate "2018.01.17"]
[SourceQuality "1"]

1. Nf3 Nf6 2. c4 c5 3. b3 g6 4. Bb2 Bg7 5. g3 d6 6. Bg2 e5 7. O-O O-O 8. Nc3
Nc6 9. d3 Rb8 10. Nd2 a6 11. a3 Bg4 12. h3 Bd7 13. b4 cxb4 14. axb4 Nxb4 15.
Ba3 a5 16. Rb1 b5 17. Nxb5 d5 18. Nc3 dxc4 19. Nxc4 Re8 20. Nd6 Re6 21. Nde4
Reb6 22. Qd2 Be8 23. Rfc1 Nxe4 24. Nxe4 f5 25. Nc5 Bf7 26. Na4 Rb5 27. Nc3 Rc5
28. Na4 Rcb5 29. Nc3 Rc5 30. Na4 1/2-1/2

[Event "Huaian IMSA rapid 2nd"]
[Site "Huaian"]
[Date "2017.12.10"]
[Round "2"]
[White "Grischuk, Alexander"]
[Black "Yu, Yangyi"]
[Result "1/2-1/2"]
[WhiteElo "2772"]
[BlackElo "2751"]
[PlyCount "104"]
[EventDate "2017.12.10"]
[EventType "swiss (rapid)"]
[EventRounds "7"]
[EventCountry "CHN"]
[SourceTitle "CBM 182"]
[Source "ChessBase"]
[SourceDate "2018.01.17"]
[SourceVersion "1"]
[SourceVersionDate "2018.01.17"]
[SourceQuality "1"]

1. Nf3 Nf6 2. b3 b6 3. Bb2 Bb7 4. e3 e6 5. c4 c5 6. Be2 Be7 7. d4 cxd4 8. Nxd4
O-O 9. O-O d6 10. Bf3 Qc8 11. Nc3 Nbd7 12. Qe2 a6 13. Rad1 Rd8 14. Bxb7 Qxb7
15. e4 Rac8 16. f4 Nc5 17. Rfe1 Bf8 18. Qf3 Qc7 19. g4 Qb7 20. g5 Ne8 21. f5 b5
22. cxb5 axb5 23. b4 e5 24. Ndxb5 Na4 25. Ba1 Nxc3 26. Nxc3 Qxb4 27. Nd5 Qa5
28. Re2 Rc4 29. Bc3 Qc5+ 30. Kg2 Nc7 31. Be1 Nxd5 32. Rxd5 Qc6 33. a3 Rb8 34.
Bb4 Rb5 35. Rd3 g6 36. h4 Rd4 37. Rc3 Qb7 38. Rce3 d5 39. Bxf8 dxe4 40. Rxe4
Rb3 41. R2e3 Rxe3 42. Rxe3 Qxf3+ 43. Kxf3 Kxf8 44. Rxe5 Rxh4 45. fxg6 hxg6 46.
Ra5 Ke7 47. Ra7+ Ke6 48. Ra6+ Kf5 49. Ra5+ Ke6 50. Ra6+ Kf5 51. Ra5+ Ke6 52.
Ra6+ Ke5 1/2-1/2

[Event "Huaian IMSA rapid 2nd"]
[Site "Huaian"]
[Date "2017.12.10"]
[Round "3"]
[White "Andreikin, Dmitry"]
[Black "Grischuk, Alexander"]
[Result "1-0"]
[WhiteElo "2712"]
[BlackElo "2772"]
[PlyCount "109"]
[EventDate "2017.12.10"]
[EventType "swiss (rapid)"]
[EventRounds "7"]
[EventCountry "CHN"]
[SourceTitle "CBM 182"]
[Source "ChessBase"]
[SourceDate "2018.01.17"]
[SourceVersion "1"]
[SourceVersionDate "2018.01.17"]
[SourceQuality "1"]

1. Nf3 c5 2. c4 Nf6 3. Nc3 e6 4. e4 Nc6 5. Be2 d5 6. exd5 exd5 7. d4 cxd4 8.
Nxd4 dxc4 9. Nxc6 Qxd1+ 10. Nxd1 bxc6 11. Bxc4 Bd6 12. O-O O-O 13. b3 Rd8 14.
Bg5 h6 15. Bh4 Bf5 16. Ne3 Bh7 17. Rad1 a5 18. f3 a4 19. bxa4 Rxa4 20. Bg3 Be7
21. Rxd8+ Bxd8 22. Rd1 Bb6 23. Bf2 Bc2 24. Rc1 Bxe3 25. Rxc2 Bxf2+ 26. Kxf2 Kf8
27. Bb3 Ra6 28. Ke3 Nd5+ 29. Bxd5 cxd5 30. Kd4 Ra5 31. Re2 g5 32. Kc3 Rc5+ 33.
Kb4 Rc1 34. a4 Rb1+ 35. Kc5 Ra1 36. Kb5 Rb1+ 37. Ka5 Kg7 38. Rd2 Kf6 39. Rxd5
Rb2 40. g4 Rxh2 41. Kb6 Ke6 42. Rb5 h5 43. gxh5 f5 44. a5 g4 45. fxg4 fxg4 46.
a6 g3 47. a7 Ra2 48. Kb7 g2 49. Rg5 Rb2+ 50. Ka8 Kf6 51. Rg3 Kf5 52. h6 Kf4 53.
Rg7 Re2 54. h7 Re8+ 55. Kb7 1-0

[Event "Huaian IMSA rapid 2nd"]
[Site "Huaian"]
[Date "2017.12.10"]
[Round "4"]
[White "Grischuk, Alexander"]
[Black "Harikrishna, Pentala"]
[Result "1-0"]
[WhiteElo "2772"]
[BlackElo "2744"]
[PlyCount "97"]
[EventDate "2017.12.10"]
[EventType "swiss (rapid)"]
[EventRounds "7"]
[EventCountry "CHN"]
[SourceTitle "CBM 182"]
[Source "ChessBase"]
[SourceDate "2018.01.17"]
[SourceVersion "1"]
[SourceVersionDate "2018.01.17"]
[SourceQuality "1"]

1. e4 c5 2. Nf3 e6 3. d4 cxd4 4. Nxd4 Nc6 5. Nc3 Qc7 6. Be3 a6 7. a3 b5 8. Nxc6
dxc6 9. Qg4 Nf6 10. Qg3 Qxg3 11. hxg3 e5 12. f3 Be6 13. a4 Rc8 14. axb5 axb5
15. g4 Nd7 16. g5 Be7 17. Be2 O-O 18. Kf2 Ra8 19. Rhd1 Nc5 20. Nd5 cxd5 21.
Rxa8 Rxa8 22. exd5 Bf5 23. d6 Bxc2 24. Rd2 Bxd6 25. Rxd6 Ne6 26. Bxb5 Rb8 27.
Bc4 Bb3 28. Be2 Kf8 29. g3 Ke7 30. Rd2 Rd8 31. Rxd8 Kxd8 32. Bd3 g6 33. Ke2 Ke7
34. Kd2 f6 35. Kc3 Bd5 36. f4 exf4 37. gxf4 fxg5 38. fxg5 Kd6 39. b4 Kc6 40.
b5+ Kd6 41. Kb4 Kc7 42. Bf1 Kb7 43. Ka5 Nd8 44. b6 Ne6 45. Ba6+ Ka8 46. Bc8 Kb8
47. b7 Nc7 48. Kb6 Ne6 49. Bg1 1-0

[Event "Huaian IMSA rapid 2nd"]
[Site "Huaian"]
[Date "2017.12.11"]
[Round "6"]
[White "Le, Quang Liem"]
[Black "Grischuk, Alexander"]
[Result "1/2-1/2"]
[WhiteElo "2737"]
[BlackElo "2772"]
[PlyCount "121"]
[EventDate "2017.12.10"]
[EventType "swiss (rapid)"]
[EventRounds "7"]
[EventCountry "CHN"]
[SourceTitle "CBM 182"]
[Source "ChessBase"]
[SourceDate "2018.01.17"]
[SourceVersion "1"]
[SourceVersionDate "2018.01.17"]
[SourceQuality "1"]

1. d4 d5 2. c4 e6 3. Nc3 c6 4. e3 Nd7 5. Qc2 Nh6 6. Bd3 f5 7. cxd5 exd5 8. Bxf5
Nxf5 9. Qxf5 Nf6 10. Qd3 Bd6 11. Nge2 O-O 12. f3 Nh5 13. O-O Qh4 14. f4 Bf5 15.
Qd1 Rae8 16. Bd2 Qe7 17. Ng3 Nxg3 18. hxg3 Qe6 19. Kf2 Rf6 20. Rh1 Rg6 21. Qh5
h6 22. Qe2 Bg4 23. Qd3 Bf5 24. Qe2 Qf7 25. Rae1 b5 26. Rc1 a5 27. Qe1 Bd3 28.
Ne2 b4 29. Ng1 Qf5 30. Qd1 c5 31. Rh5 Qf7 32. dxc5 Be5 33. Bc3 bxc3 34. Qxd3
cxb2 35. Rb1 Rf6 36. Rh1 Rc6 37. Nf3 Bf6 38. Nd4 Rxc5 39. Rxb2 Rc4 40. Re1 Bxd4
41. exd4 Rxe1 42. Kxe1 Qa7 43. Rd2 Qb6 44. Kf2 a4 45. g4 Qe6 46. Qf3 Kh7 47.
Kg3 Qe1+ 48. Qf2 Rc3+ 49. Kh2 Qxf2 50. Rxf2 Rd3 51. f5 Rxd4 52. Kg3 Kg8 53. Rf4
Rd3+ 54. Rf3 Rd2 55. Ra3 Rd4 56. Rc3 Kf7 57. Rc7+ Kf6 58. Rc6+ Kf7 59. Rc7+ Kf6
60. Rc6+ Kf7 61. Rc7+ 1/2-1/2

[Event "Huaian IMSA rapid 2nd"]
[Site "Huaian"]
[Date "2017.12.11"]
[Round "7"]
[White "Grischuk, Alexander"]
[Black "Mamedov, Rauf"]
[Result "0-1"]
[WhiteElo "2772"]
[BlackElo "2709"]
[PlyCount "92"]
[EventDate "2017.12.10"]
[EventType "swiss (rapid)"]
[EventRounds "7"]
[EventCountry "CHN"]
[SourceTitle "CBM 182"]
[Source "ChessBase"]
[SourceDate "2018.01.17"]
[SourceVersion "1"]
[SourceVersionDate "2018.01.17"]
[SourceQuality "1"]

1. Nf3 g6 2. e4 c5 3. c3 Bg7 4. d4 cxd4 5. cxd4 d5 6. e5 Nc6 7. Bb5 Nh6 8. O-O
O-O 9. h3 f6 10. exf6 exf6 11. Nc3 Nf7 12. Re1 Qd6 13. Be3 Bf5 14. Rc1 Rac8 15.
Bf1 Rfd8 16. a3 Be4 17. Nd2 f5 18. f3 Bxd4 19. Bxd4 Nxd4 20. fxe4 dxe4 21. Kh1
Qf4 22. Ndxe4 fxe4 23. Rxe4 Qf2 24. Nd5 Rxc1 25. Ne7+ Kf8 26. Qxc1 Nf3 27. gxf3
Qxf3+ 28. Bg2 Rd1+ 29. Kh2 Qxg2+ 30. Kxg2 Rxc1 31. Re2 Rc5 32. b4 Rc3 33. a4
Rc4 34. Nd5 Rd4 35. Nf6 Ng5 36. Re5 h6 37. Rb5 b6 38. a5 Rd2+ 39. Kg3 Rd3+ 40.
Kg4 Kf7 41. Nd5 Ne6 42. axb6 axb6 43. Nxb6 h5+ 44. Kh4 Kg7 45. Re5 Nd4 46. Rd5
Kh6 0-1